000 00811nam a2200253 i 4500
001 66877
003 ES-MaACL
005 20250302202841.0
007 t|
008 040416s2001 fr ||||1| fre d
020 _a2-7475-1888-4
080 _a327.36
100 1 _aPrera Flores, Anaisabel.
_993769
245 1 0 _aPhilosophie de la culture de la paix /
_cAnaisabel Prera Flores, Patrice Vermeren ; préface de Federico Mayor.
260 _aParis :
_bL'Harmattan,
_c[2001]
300 _a84 p. ;
_c22 cm.
490 1 _aLa philosophie en commun
650 1 4 _aPaz.
_915898
700 1 _aVermeren, Patrice.
_9114152
700 1 _aMayor Zaragoza, Federico,
_d1934-2024
_979415
830 0 _aLa philosophie en commun
_9226423
852 _aES-MaACL
_jL-27330
_bR.132941
999 _c66877
_d66877